Χρηματοοικονομική Διαχείριση και Χρηματοοικονομικό Συστημα / Αξιολόγηση και Χρηματοοικονομική Διοίκηση. (Record no. 3774)
[ view plain ]
| 000 -LEADER | |
|---|---|
| fixed length control field | 02247cam a22001934a 4500 |
| 005 - ΗΜΕΡΟΜΗΝΙΑ ΚΑΙ ΩΡΑ ΤΕΛΕΥΤΑΙΑΣ ΕΝΗΜΕΡΩΣΗΣ | |
| Πεδίο ελέγχου | 20250605164125.0 |
| 008 - FIXED-LENGTH DATA ELEMENTS--GENERAL INFORMATION | |
| Πεδίο ελέγχου σταθερού μήκους | 250528s ||||||||||||||||||||||||d |
| 035 ## - SYSTEM CONTROL NUMBER | |
| System control number | 18413 |
| 020 ## - ISBN | |
| ISBN | 9609101615 |
| 040 ## - ΠΗΓΗ ΚΑΤΑΛΟΓΟΓΡΑΦΗΣΗΣ | |
| Φορέας πρωτότυπης καταλογογράφησης | MC Athens Campus Library |
| Γλώσσα καταλογογράφησης | Ελληνικά, Μοντέρνα (1453-) |
| Modifying agency | MC Athens Campus Library |
| Κανόνες περιγραφικής καταλογογράφησης | AACR2 |
| 245 1# - ΤΙΤΛΟΣ ΚΑΙ ΔΗΛΩΣΗ ΥΠΕΥΘΥΝΟΤΗΤΑΣ | |
| Τίτλος | Χρηματοοικονομική Διαχείριση και Χρηματοοικονομικό Συστημα / Αξιολόγηση και Χρηματοοικονομική Διοίκηση. |
| Number of part/section of a work | Τόμος Β' |
| 260 ## - PUBLICATION, DISTRIBUTION, ETC. | |
| Name of publisher, distributor, etc. | Ε.Κ.Π.Α, |
| Date of publication, distribution, etc. | 2000 |
| 300 ## - PHYSICAL DESCRIPTION | |
| Extent | 512 |
| 520 ## - SUMMARY, ETC. | |
| Summary, etc. | Ορισμένες Βασικές Έννοιες, Βασικά Πρότυπα Συμπεριφοράς και Λειτουργίας των Αγορών, Οικονομία και Χρηματοοικονομικό Σύστημα, Η Λειτουργία του Χρηματοοικονομικού Συστήματος, Χρηματοπιστωτικό Σύστημα και Οικονομική Πολιτική, Η Οργάνωση και η Μεταβολή των Χρηματοοικονομικών Συστημάτων, Μη Τραπεζικά Χρηματοπιστωτικά Ιδρύματα, Η Εγχώρια και η Διεθνής Διάσταση της Χρηματοοικονομικής Διαχείρισης, Το Ενοποιημένο Πλαίσιο των Διεθνών Χρηματοπιστωτικών Αγορών και Συναλλαγών, Η Χρήση των Χρηματοοικονομικών Εργαλείων και η Συγκέντρωση Καφαλαίων και η Διαχείριση Κινδύνου και Επιτόκια, Χρηματοοικονομική Διοίκηση και Διαμόρφωση Χαρτοφυλακίου, Οι Αγορές, Χρηματοοικονομικές Αγορές, Οι Αγορές Διαχείρισης Κινδύνου, Η Εξέλιξη του Χρηματοπιστωτικού Συστήματος και Χρηματοδότησης του Βιομηχανικού Τομέα, Το Πλαίσιο του Ελληνικού Χρηματοπιστωτικού Συστήματος, Βιβλιογραφία. |
| 700 1# - ΠΡΟΣΘΕΤΗ ΑΝΑΓΡΑΦΗ--ΦΥΣΙΚΟ ΠΡΟΣΩΠΟ | |
| Personal name | Πετράκης Π.Ε |
| 9 (RLIN) | 4686 |
| 942 ## - ADDED ENTRY ELEMENTS (KOHA) | |
| Koha item type | Books |
| Τύπος τεκμηρίου | Βιβλιοθήκη | Τρέχουσα τοποθεσία | Barcode | Αριθμός εισαγωγής | Ημερομηνία απόκτησης | Ταξιθετικό σύμβολο | Αριθμός αντιτύπου | Κατάσταση απόσυρσης | Κατάσταση χαμένου | Κατάσταση κατεστραμμένου | Μη δανεισμός | Σύνολο δανεισμών | Ημερομηνία τελευταίας εμφάνισης | Η τιμή ισχύει από |
|---|---|---|---|---|---|---|---|---|---|---|---|---|---|---|
| Books | MC Athens Campus Library | MC Athens Campus Library | 9780000037732 | 3090 | 05/06/2025 | 658.15 PET V.B | 1 | 05/06/2025 | 05/06/2025 |